[Event "POL-chT DMP Ekstraliga 2019"]
[Site "Katowice"]
[Date "2019.09.01"]
[Round "5.10"]
[White "Simacek, Pavel"]
[Black "Kaczmarek, Aleksander"]
[Result "1-0"]
[WhiteElo "2479"]
[BlackElo "2389"]
[Annotator "ChessBase"]
[PlyCount "99"]
[EventDate "2019.08.28"]
[EventType "team-tourn"]
[EventCountry "POL"]
[SourceTitle "playchess.com"]
[Source "ChessBase"]
[SourceQuality "1"]
[TimeControl "40/5400+30:1800+30"]

1. Nf3 {[%emt 0:00:00]} g6 {[%emt 0:00:00]} 2. d4 {[%emt 0:00:00]} Bg7 {[%emt 0:00:00]} 3. e4 {[%emt 0:00:25]} c6 {[%emt 0:00:12]} 4. Nc3 {[%emt 0:00:40]} d5 {[%emt 0:00:06]} 5. h3 {[%emt 0:00:10]} dxe4 {[%emt 0:00:06]} 6. Nxe4 {[%emt 0:00:04]} Nd7 {[%emt 0:00:06]} 7. Bc4 {[%emt 0:00:11]} Ngf6 {[%emt 0:00:10]} 8. Nxf6+ {[%emt 0:00:24]} Nxf6 {[%emt 0:00:05]} 9. O-O {[%emt 0:00:06]} O-O {[%emt 0:00:03]} 10. Re1 {[%emt 0:00:43]} Nd5 {[%emt 0:01:39]} 11. Bg5 {[%emt 0:01:57]} Be6 {[%emt 0:09:49]} 12. Qd2 {[%emt 0:03:10]} Nc7 {[%emt 0:06:11]} 13. Bf1 {[%emt 0:05:31]} Re8 {[%emt 0:01:25]} 14. Bh6 {[%emt 0:04:06]} Bh8 {[%emt 0:02:15]} 15. Rad1 {[%emt 0:04:56]} Bd5 {[%emt 0:06:47]} 16. Ne5 {[%emt 0:01:56]} f6 {[%emt 0:01:28]} 17. Ng4 {[%emt 0:05:37]} Qd7 {[%emt 0:05:35]} 18. Bf4 {[%emt 0:03:32]} Bg7 {[%emt 0:03:30]} 19. Bg3 {[%emt 0:05:18]} h5 {[%emt 0:04:01]} 20. Ne3 {[%emt 0:04:15]} Bf7 {[%emt 0:00:26]} 21. c4 {[%emt 0:06:00]} e6 {[%emt 0:06:46]} 22. Bd3 {[%emt 0:03:33]} b6 {[%emt 0:13:15]} 23. Qc2 {[%emt 0:04:51]} Kh7 {[%emt 0:02:55]} 24. Nf1 {[%emt 0:00:44]} Rad8 {[%emt 0:03:20]} 25. Nh2 {[%emt 0:03:35]} Na6 {[%emt 0:05:45]} 26. Qe2 {[%emt 0:05:07]} Kg8 {[%emt 0:01:27]} 27. Nf3 {[%emt 0:00:11]} Re7 {[%emt 0:03:19]} 28. a3 {[%emt 0:02:30]} Qe8 {[%emt 0:00:42]} 29. b4 {[%emt 0:13:53]} Bf8 {[%emt 0:01:23]} 30. Be4 {[%emt 0:04:49]} Nc7 {[%emt 0:03:25]} 31. Qc2 {[%emt 0:01:04]} Bg7 {[%emt 0:00:23]} 32. Qa4 {[%emt 0:06:51]} b5 {[%emt 0:00:51]} 33. Qa5 {[%emt 0:00:09]} Rc8 {[%emt 0:11:29]} 34. Bd6 {[%emt 0:00:57]} Bf8 {[%emt 0:05:59]} 35. Bxe7 {[%emt 0:01:05]} Bxe7 {[%emt 0:00:04]} 36. Rc1 {[%emt 0:02:00]} f5 {[%emt 0:02:25]} 37. Bd3 {[%emt 0:00:30]} Bd6 {[%emt 0:00:34]} 38. cxb5 {[%emt 0:01:08]} cxb5 {[%emt 0:00:32]} 39. Ne5 {[%emt 0:04:45]} a6 {[%emt 0:00:09]} 40. Qb6 {[%emt 0:00:00]} Qe7 {[%emt 0:00:00]} 41. Rc6 {[%emt 0:03:52]} Rd8 {[%emt 0:04:19]} 42. Rec1 {[%emt 0:01:12]} Bxe5 {[%emt 0:15:37]} 43. dxe5 {[%emt 0:00:10]} Ne8 {[%emt 0:00:03]} 44. Be2 {[%emt 0:05:34]} g5 {[%emt 0:04:52]} 45. Rc8 {[%emt 0:02:35]} Rd5 {[%emt 0:02:36]} 46. R1c7 {[%emt 0:01:27]} Qf8 {[%emt 0:00:08]} 47. Bxh5 {[%emt 0:00:42]} Bxh5 {[%emt 0:05:56]} 48. Qxe6+ {[%emt 0:00:18]} Bf7 {[%emt 0:00:25]} 49. Rxf7 {[%emt 0:00:10]} Qxf7 {[%emt 0:00:06]} 50. Rxe8+ {[%emt 0:00:06]} 1-0

[Event "POL-chT DMP Ekstraliga 2019"]
[Site "Katowice"]
[Date "2019.09.01"]
[Round "5.11"]
[White "Mikrut, Dariusz"]
[Black "Bobras, Piotr"]
[Result "1-0"]
[WhiteElo "2375"]
[BlackElo "2488"]
[Annotator "TA"]
[PlyCount "153"]
[EventDate "2019.08.28"]
[EventType "team-tourn"]
[EventCountry "POL"]
[SourceTitle "playchess.com"]
[Source "ChessBase"]
[SourceQuality "1"]

{[%evp 17,153,24,26,-18,14,0,65,64,98,68,66,64,86,67,63,65,70,64,120,82,141,143,174,154,138,143,150,153,141,141,154,147,158,148,165,163,239,208,192,177,185,160,156,161,162,165,129,129,129,115,168,169,169,169,169,167,300,154,181,141,466,433,632,596,535,594,595,537,972,962,885,440,996,635,633,563,1376,1037,1300,1557,1658,1645,1449,1150,1443,611,977,607,1112,0,1779,1331,1752,1752,1668,1351,1737,1644,2743,2337,1703,236,858,5418,5406,2373,5418,3968,3929,2316,2183,1762,3684,2407,1011,89,29962,2920,29946,12410,11517,12095,29973,29972,29972,29973,29977,29978,29978,29978,29979,29980,29980,29981,29977,11010,29980,29981]} 1. d4 Nf6 2. c4 g6 3. Nc3 Bg7 4. e4 d6 5. f3 O-O 6. Be3 Nc6 7. Nge2 a6 8. Qd2 Rb8 9. O-O-O b5 10. Bh6 {E84: King's Indian: Sämisch Panno: 7 Nge2 a6 8 Qd2 Rb8} e5 11. h4 b4 (11... Nxd4 $11 12. Bxg7 Nxe2+ 13. Bxe2 Kxg7) (11... Nxd4 12. Nxd4 exd4 13. Bxg7 dxc3 14. Qh6 cxb2+ 15. Kb1 Nh5 16. Bxf8 Qxf8 17. Qxf8+ Kxf8 18. cxb5 axb5 {½-½ (50) Sjodahl,P (2505)-Nithander,V (2465) Sweden 2009}) 12. Nd5 $14 {White is slightly better.} Nxd5 13. cxd5 {Threatens to win with Bxg7.} Bxh6 14. Qxh6 {Black must now prevent h5.} Na5 $146 ({Predecessor:} 14... Nxd4 15. Nxd4 exd4 16. Rxd4 Qf6 17. Rd2 c5 18. dxc6 Be6 19. h5 Rfc8 20. Rxd6 {½-½ (71) Mikrut,D (2345)-Savickas,A (2233) Krakow 2004}) 15. Ng3 Rb6 16. Kb1 Qe7 17. dxe5 $40 {[%mdl 128] Black needs to defend precisely.} dxe5 ({Black should play} 17... Qxe5 $14 18. Qg5 Re8) 18. Qe3 Bd7 (18... Nb7 $142) 19. Rc1 $16 Qd6 20. Qc5 Nb7 21. Qxc7 Rc8 22. Qxd6 Rxc1+ 23. Kxc1 Nxd6 24. Bd3 a5 25. Kd2 Rb8 26. Rc1 Rc8 (26... Kf8 $142 27. Rc5 a4) 27. Rxc8+ $18 Bxc8 {[%mdl 4096] Endgame KBN-KBN} 28. Nf1 Kf8 29. Ne3 Ke7 30. a3 bxa3 31. bxa3 f6 32. Kc3 Bd7 33. g3 h6 (33... Ba4 $16 {might work better.} 34. f4 Bd7) 34. Kb3 h5 35. Kc3 Be8 36. Be2 Kd7 (36... g5 {was called for.} 37. Bd3 Ba4) 37. Ba6 ({Only move:} 37. Nc4 $18) 37... Kc7 $16 38. Nc4 Nxc4 $2 {[%mdl 8192]} (38... Nf7 $16 39. Kd3 g5 40. hxg5 fxg5) 39. Kxc4 {KB-KB} ({Not} 39. Bxc4 g5 $16) 39... Kb6 (39... Kd6 $142 40. Bb5 Bf7) 40. Bc8 $18 Bb5+ 41. Kc3 g5 {[#]} 42. Kd2 $1 gxh4 43. gxh4 Kc5 44. Be6 Be8 45. Ke3 Kd6 46. Bf5 Kc5 47. Kd2 Kd6 48. Kc3 Kc5 49. Be6 Bg6 50. Kb3 Be8 51. Bf5 (51. Kb2 $142 Kb6 52. Kc2) 51... Kb5 52. Bc8 Kb6 53. Be6 (53. Kc2 $142 Bb5 54. Kd2) 53... Kc5 54. Kb2 Bg6 55. Kc3 Be8 56. Kb3 Kb6 57. d6 Bb5 58. Bf7 Kc5 59. Bxh5 $2 (59. d7) 59... Kxd6 60. Bg6 Ke7 61. h5 Kf8 {[#]} 62. h6 $1 Kg8 63. Bf5 Kh8 64. Kb2 Be2 65. Kc3 Kg8 66. Kd2 $2 (66. Bg6 $18 {has better winning chances.} Kh8 67. Kd2) 66... Bc4 $2 {[%mdl 8192]} (66... Bxf3 $16 67. Kd3 Kf7) 67. Ke3 (67. Bg6 $142 Kf8 68. Ke3 Be6 69. f4 exf4+ 70. Kxf4 Kg8 71. Ke3 Kf8 72. Kd4) 67... Bf7 68. f4 exf4+ 69. Kxf4 Kh8 70. Ke3 Kg8 71. Kd4 Kf8 72. Kc5 Bb3 73. Kb5 a4 74. Kc5 Kf7 75. Kd6 Kf8 76. Be6 (76. Bg6 $142 Ba2 77. Bf5 Bb3 78. h7 Kg7 79. Ke7 Ba2 80. h8=Q+ {[%mdl 64] Deflection} Kxh8 81. Kxf6) 76... Bc2 77. Bd5 {Accuracy: White = 68%, Black = 42%.} 1-0

[Event "POL-chT DMP Ekstraliga 2019"]
[Site "Katowice"]
[Date "2019.09.01"]
[Round "5.12"]
[White "Kiolbasa, Oliwia"]
[Black "Osmak, Iulija"]
[Result "0-1"]
[WhiteElo "2244"]
[BlackElo "2414"]
[Annotator "ChessBase"]
[PlyCount "114"]
[EventDate "2019.08.28"]
[EventType "team-tourn"]
[EventCountry "POL"]
[SourceTitle "playchess.com"]
[Source "ChessBase"]
[SourceQuality "1"]
[TimeControl "40/5400+30:1800+30"]

1. e4 {[%emt 0:00:00]} e6 {[%emt 0:00:00]} 2. d4 {[%emt 0:00:00]} d5 {[%emt 0:00:00]} 3. Nc3 {[%emt 0:00:00]} Bb4 {[%emt 0:00:00]} 4. e5 {[%emt 0:00:06]} Ne7 {[%emt 0:00:00]} 5. a3 {[%emt 0:00:30]} Bxc3+ {[%emt 0:00:00]} 6. bxc3 {[%emt 0:00:07]} c5 {[%emt 0:00:00]} 7. h4 {[%emt 0:00:41]} Qc7 {[%emt 0:00:00]} 8. Nf3 {[%emt 0:04:51]} b6 {[%emt 0:00:18]} 9. h5 {[%emt 0:00:09]} h6 {[%emt 0:00:04]} 10. Bb5+ {[%emt 0:03:29]} Bd7 {[%emt 0:00:06]} 11. Bd3 {[%emt 0:00:05]} Ba4 {[%emt 0:00:08]} 12. O-O {[%emt 0:00:07]} Nd7 {[%emt 0:01:36]} 13. Re1 {[%emt 0:00:08]} O-O-O {[%emt 0:05:20]} 14. Rb1 {[%emt 0:00:42]} c4 {[%emt 0:01:21]} 15. Bf1 {[%emt 0:00:07]} g6 {[%emt 0:06:59]} 16. hxg6 {[%emt 0:18:34]} fxg6 {[%emt 0:06:16]} 17. g3 {[%emt 0:00:15]} Rdf8 {[%emt 0:08:13]} 18. Bh3 {[%emt 0:06:08]} Nf5 {[%emt 0:03:00]} 19. Nh2 {[%emt 0:03:33]} g5 {[%emt 0:03:38]} 20. Rb2 {[%emt 0:03:04]} Qd8 {[%emt 0:03:03]} 21. Qh5 {[%emt 0:06:32]} Qe7 {[%emt 0:04:28]} 22. Nf1 {[%emt 0:02:58]} Nb8 {[%emt 0:13:20]} 23. Ne3 {[%emt 0:07:14]} Nxe3 {[%emt 0:02:38]} 24. Bxe3 {[%emt 0:01:54]} Na6 {[%emt 0:00:30]} 25. Rf1 {[%emt 0:04:08]} Nc7 {[%emt 0:00:48]} 26. Bd2 {[%emt 0:06:38]} Kb7 {[%emt 0:08:52]} 27. Bg2 {[%emt 0:03:14]} Qxa3 {[%emt 0:03:06]} 28. Rfb1 {[%emt 0:02:26]} Qe7 {[%emt 0:01:34]} 29. Ra1 {[%emt 0:00:59]} Bc6 {[%emt 0:00:51]} 30. Rb4 {[%emt 0:03:26]} Rfg8 {[%emt 0:07:13]} 31. Qd1 {[%emt 0:03:37]} h5 {[%emt 0:01:03]} 32. Qc1 {[%emt 0:00:21]} Nb5 {[%emt 0:07:05]} 33. Qb1 {[%emt 0:04:10]} Qd7 {[%emt 0:01:20]} 34. Rxc4 {[%emt 0:05:04]} dxc4 {[%emt 0:00:41]} 35. Qxb5 {[%emt 0:00:04]} Rc8 {[%emt 0:01:57]} 36. Bxc6+ {[%emt 0:04:56]} Rxc6 {[%emt 0:00:32]} 37. Bxg5 {[%emt 0:00:04]} Rc7 {[%emt 0:01:07]} 38. Qxd7 {[%emt 0:04:05]} Rxd7 {[%emt 0:00:04]} 39. f4 {[%emt 0:00:03]} a5 40. Ra4 {[%emt 0:00:00]} Kc6 {[%emt 0:00:00]} 41. Kf2 {[%emt 0:06:02]} Kd5 {[%emt 0:09:14]} 42. Ra1 {[%emt 0:05:05]} Ra7 {[%emt 0:02:36]} 43. Kf3 {[%emt 0:03:50]} b5 {[%emt 0:03:12]} 44. Ke3 {[%emt 0:05:09]} Rha8 {[%emt 0:04:31]} 45. f5 {[%emt 0:04:10]} exf5 {[%emt 0:00:56]} 46. Kf4 {[%emt 0:00:07]} b4 {[%emt 0:04:13]} 47. Rb1 {[%emt 0:02:23]} Rb7 {[%emt 0:01:10]} 48. Kxf5 {[%emt 0:01:39]} b3 {[%emt 0:01:03]} 49. cxb3 {[%emt 0:00:11]} cxb3 {[%emt 0:02:27]} 50. e6 {[%emt 0:04:52]} b2 {[%emt 0:06:36]} 51. Bf6 {[%emt 0:02:17]} a4 {[%emt 0:01:25]} 52. c4+ {[%emt 0:00:07]} Kxc4 {[%emt 0:00:04]} 53. d5 {[%emt 0:00:04]} Kxd5 {[%emt 0:02:26]} 54. Bxb2 {[%emt 0:00:25]} Rf8+ {[%emt 0:01:41]} 55. Kg6 {[%emt 0:00:05]} Kxe6 {[%emt 0:00:06]} 56. Kxh5 {[%emt 0:01:29]} Rf5+ {[%emt 0:00:33]} 57. Kh6 {[%emt 0:01:01]} Re5 {[%emt 0:00:18]} 0-1

[Event "POL-chT DMP Ekstraliga 2019"]
[Site "Katowice"]
[Date "2019.09.01"]
[Round "5.13"]
[White "Kuzmicz, Krystian"]
[Black "Huschenbeth, Niclas"]
[Result "1/2-1/2"]
[WhiteElo "2461"]
[BlackElo "2620"]
[Annotator "TA"]
[PlyCount "86"]
[EventDate "2019.08.28"]
[EventType "team-tourn"]
[EventCountry "POL"]
[SourceTitle "playchess.com"]
[Source "ChessBase"]
[SourceQuality "1"]

{[%evp 15,86,-30,-17,-83,-62,-59,-62,-62,-45,-72,-42,-54,-33,-22,0,-15,0,-6,22,-27,-24,-37,-24,-91,-77,-119,-128,-153,-153,-161,-122,-125,-117,-114,-112,-123,-62,-65,-62,-66,-22,0,0,-53,-48,-56,-20,-19,-20,-18,0,-36,-19,-19,-19,-19,31,-30,0,0,0,-46,-49,-51,-52,-48,-44,-44,-44,-53,-44,-44,-23]} 1. e4 c5 2. d3 Nf6 3. g3 d5 4. Nd2 Nc6 5. Bg2 e5 6. Ngf3 Be7 7. O-O O-O 8. c3 d4 9. c4 {A08: King's Indian Attack} (9. Nc4 $11) (9. Nc4 Qc7 10. cxd4 cxd4 11. a4 Be6 12. b3 a6 13. a5 Bxc4 14. bxc4 Nxa5 15. Nh4 g6 16. f4 Nc6 {0-1 (46) Movsesian,S (2723)-Carlsen,M (2775) Moscow 2008}) 9... Ne8 10. Ne1 Nd6 11. f4 a6 $146 ({Predecessor:} 11... f5 12. Qe2 exf4 {0-1 (40) Syed,T (1916)-Gebhardt,U (2076) Eschborn 2013}) 12. Ndf3 exf4 13. gxf4 f5 14. e5 Nf7 15. Bd2 h6 16. Nc2 Be6 17. Rb1 (17. b4 $5) 17... b5 {[%cal Bb7b5,Bb5b4][%mdl 32]} 18. b3 Rc8 19. Kh1 (19. Qe2 $11) 19... g5 $17 20. Qe2 g4 21. Ng1 Nh8 22. Na3 b4 23. Nc2 Ng6 24. Be1 Qd7 25. a3 h5 (25... bxa3 $17 26. Ra1 Rb8 27. Rxa3 Rb6) 26. axb4 $15 cxb4 27. Qf2 Bc5 28. Ne2 h4 29. h3 (29. Kg1 $11 a5 30. Bd2) 29... a5 30. Ra1 g3 31. Qg1 Bb6 32. Bd2 Rfd8 33. Bc1 Bf7 34. Ne1 Nf8 35. Nf3 Bh5 36. Re1 ({White should try} 36. Ra2 $14 Ng6 37. Ng5) 36... Qe7 37. Ng5 Ne6 {[#] Strongly threatening ...Nc5.} 38. Nxe6 (38. Qf1 {is interesting.} Nc5 39. Rb1 Qg7 40. Ng1 Ne7 41. e6) 38... Qxe6 {Black is slightly better.} 39. Qf1 Nb8 {[%cal Bc6b8,Bb8a6,Ba6c5,Bc5e6][%mdl 32]} 40. Ng1 Na6 41. Nf3 Nc5 42. Rb1 Qe7 43. Ng5 Ne6 {Accuracy: White = 59%, Black = 52%.} 1/2-1/2

[Event "POL-chT DMP Ekstraliga 2019"]
[Site "Katowice"]
[Date "2019.09.01"]
[Round "5.15"]
[White "Skawinski, Arkadiusz"]
[Black "Markowski, Tomasz"]
[Result "0-1"]
[WhiteElo "2398"]
[BlackElo "2537"]
[Annotator "ChessBase"]
[PlyCount "116"]
[EventDate "2019.08.28"]
[EventType "team-tourn"]
[EventCountry "POL"]
[SourceTitle "playchess.com"]
[Source "ChessBase"]
[SourceQuality "1"]
[TimeControl "40/5400+30:1800+30"]

1. e4 {[%emt 0:00:00]} c5 {[%emt 0:00:00]} 2. Nf3 {[%emt 0:00:00]} e6 {[%emt 0:00:00]} 3. c3 {[%emt 0:00:00]} Nf6 {[%emt 0:00:00]} 4. e5 {[%emt 0:00:00]} Nd5 {[%emt 0:00:00]} 5. d4 {[%emt 0:00:00]} cxd4 {[%emt 0:00:06]} 6. cxd4 {[%emt 0:00:00]} d6 {[%emt 0:00:06]} 7. Bc4 {[%emt 0:00:00]} Be7 {[%emt 0:00:51]} 8. O-O {[%emt 0:00:04]} O-O {[%emt 0:00:27]} 9. Qe2 {[%emt 0:00:03]} Nc6 {[%emt 0:00:19]} 10. Re1 {[%emt 0:00:04]} Nb6 {[%emt 0:03:33]} 11. Bb3 {[%emt 0:04:42]} d5 {[%emt 0:00:20]} 12. Nc3 {[%emt 0:01:12]} Bd7 {[%emt 0:00:09]} 13. a3 {[%emt 0:08:37]} f6 {[%emt 0:07:46]} 14. exf6 {[%emt 0:06:47]} Bxf6 {[%emt 0:00:11]} 15. Qd3 {[%emt 0:14:15]} Be8 {[%emt 0:05:38]} 16. Rxe6 {[%emt 0:03:58]} Bg6 {[%emt 0:02:44]} 17. Qd2 {[%emt 0:13:48]} Qd7 {[%emt 0:05:16]} 18. Re1 {[%emt 0:03:06]} Nc4 {[%emt 0:06:10]} 19. Bxc4 {[%emt 0:04:31]} dxc4 {[%emt 0:00:08]} 20. Ne5 {[%emt 0:00:28]} Bxe5 {[%emt 0:03:49]} 21. dxe5 {[%emt 0:00:08]} Qxd2 {[%emt 0:01:11]} 22. Bxd2 {[%emt 0:00:19]} Nd4 {[%emt 0:00:07]} 23. Rad1 {[%emt 0:05:59]} Nc2 {[%emt 0:05:26]} 24. Re4 {[%emt 0:00:31]} Bxe4 {[%emt 0:09:36]} 25. Nxe4 {[%emt 0:00:06]} a5 {[%emt 0:01:54]} 26. Rc1 {[%emt 0:03:13]} Nd4 {[%emt 0:01:10]} 27. Rxc4 {[%emt 0:00:06]} Nb3 {[%emt 0:06:14]} 28. Bg5 {[%emt 0:03:49]} h6 {[%emt 0:02:21]} 29. Be3 {[%emt 0:06:18]} Rac8 {[%emt 0:00:50]} 30. Rxc8 {[%emt 0:00:23]} Rxc8 {[%emt 0:00:02]} 31. Nd6 {[%emt 0:05:54]} Rc2 {[%emt 0:01:45]} 32. e6 {[%emt 0:07:39]} Kf8 {[%emt 0:03:12]} 33. Nf5 {[%emt 0:01:04]} Rxb2 {[%emt 0:09:13]} 34. g4 {[%emt 0:00:56]} Re2 {[%emt 0:07:24]} 35. Kf1 {[%emt 0:00:56]} Rc2 {[%emt 0:01:27]} 36. g5 {[%emt 0:03:13]} g6 {[%emt 0:04:14]} 37. Nh4 {[%emt 0:03:19]} hxg5 {[%emt 0:00:22]} 38. Bxg5 {[%emt 0:02:30]} Rc6 {[%emt 0:05:08]} 39. Nxg6+ {[%emt 0:00:43]} Ke8 {[%emt 0:00:01]} 40. Nf4 {[%emt 0:00:00]} Nd4 {[%emt 0:00:00]} 41. Nd5 {[%emt 0:07:07]} Nxe6 {[%emt 0:00:46]} 42. Be3 {[%emt 0:01:05]} b5 {[%emt 0:02:44]} 43. Ke1 {[%emt 0:08:13]} Kf7 {[%emt 0:01:10]} 44. Bd2 {[%emt 0:00:53]} Nd4 {[%emt 0:02:38]} 45. Kf1 {[%emt 0:09:16]} Rc5 {[%emt 0:03:24]} 46. Ne3 {[%emt 0:01:28]} Nb3 {[%emt 0:00:30]} 47. Be1 {[%emt 0:00:02]} Rc1 {[%emt 0:02:32]} 48. Ke2 {[%emt 0:00:11]} Ke6 {[%emt 0:02:20]} 49. f4 {[%emt 0:01:25]} Nd4+ {[%emt 0:03:42]} 50. Kd2 {[%emt 0:02:53]} Ra1 {[%emt 0:00:57]} 51. Kd3 {[%emt 0:00:06]} Rxe1 {[%emt 0:02:03]} 52. Kxd4 {[%emt 0:00:04]} Ra1 {[%emt 0:00:28]} 53. Nc2 {[%emt 0:02:57]} Rh1 {[%emt 0:00:14]} 54. Kc3 {[%emt 0:00:53]} Kd5 {[%emt 0:00:37]} 55. Ne3+ {[%emt 0:00:28]} Kc5 {[%emt 0:00:43]} 56. Ng4 {[%emt 0:00:12]} Ra1 {[%emt 0:01:09]} 57. Kb3 {[%emt 0:00:50]} Rb1+ {[%emt 0:00:29]} 58. Kc3 {[%emt 0:00:10]} a4 {[%emt 0:00:39] Kd4+} 0-1

[Event "POL-chT DMP Ekstraliga 2019"]
[Site "Katowice"]
[Date "2019.09.01"]
[Round "5.16"]
[White "Nasuta, Grzegorz"]
[Black "Luch, Michal"]
[Result "1/2-1/2"]
[WhiteElo "2533"]
[BlackElo "2393"]
[Annotator "ChessBase"]
[PlyCount "57"]
[EventDate "2019.08.28"]
[EventType "team-tourn"]
[EventCountry "POL"]
[SourceTitle "playchess.com"]
[Source "ChessBase"]
[SourceQuality "1"]
[TimeControl "40/5400+30:1800+30"]

1. e4 {[%emt 0:00:00]} d5 {[%emt 0:00:00]} 2. exd5 {[%emt 0:00:00]} Qxd5 {[%emt 0:00:00]} 3. Nf3 {[%emt 0:00:00]} Nf6 {[%emt 0:00:04]} 4. Be2 {[%emt 0:00:11]} e5 {[%emt 0:11:20]} 5. Nc3 {[%emt 0:02:08]} Qa5 {[%emt 0:01:04]} 6. O-O {[%emt 0:15:43]} e4 {[%emt 0:26:43]} 7. Nd4 {[%emt 0:10:54]} Bd6 {[%emt 0:00:02]} 8. Ndb5 {[%emt 0:06:38]} Be7 {[%emt 0:00:35]} 9. d3 {[%emt 0:14:59]} c6 {[%emt 0:05:52]} 10. Nd4 {[%emt 0:00:06]} exd3 {[%emt 0:00:12]} 11. Bxd3 {[%emt 0:04:34]} O-O {[%emt 0:00:03]} 12. Qf3 {[%emt 0:02:02]} Bg4 {[%emt 0:05:38]} 13. Qg3 {[%emt 0:00:22]} Rd8 {[%emt 0:00:10]} 14. Nf3 {[%emt 0:14:37]} Bd6 {[%emt 0:15:44]} 15. Bf4 {[%emt 0:03:21]} Bxf4 {[%emt 0:03:05]} 16. Qxf4 {[%emt 0:00:08]} Bxf3 {[%emt 0:10:12]} 17. Qxf3 {[%emt 0:00:07]} Na6 {[%emt 0:00:01]} 18. a3 {[%emt 0:01:18]} Nc7 {[%emt 0:02:46]} 19. Rfe1 {[%emt 0:01:15]} Ne6 {[%emt 0:00:55]} 20. Ne4 {[%emt 0:09:03]} Nxe4 {[%emt 0:00:35]} 21. Qxe4 {[%emt 0:00:10]} g6 {[%emt 0:00:34]} 22. Qe5 {[%emt 0:03:49]} Qxe5 {[%emt 0:06:13]} 23. Rxe5 {[%emt 0:00:02]} Nf4 {[%emt 0:00:17]} 24. Bc4 {[%emt 0:05:30]} Rd4 {[%emt 0:00:02]} 25. Bb3 {[%emt 0:00:50]} Rad8 {[%emt 0:00:59]} 26. Rae1 {[%emt 0:00:27]} Kf8 {[%emt 0:04:44]} 27. g3 {[%emt 0:00:59]} Nd5 {[%emt 0:00:01]} 28. Kg2 {[%emt 0:01:08]} Nf6 {[%emt 0:01:32]} 29. h3 {[%emt 0:01:54]} 1/2-1/2

[Event "POL-chT DMP Ekstraliga 2019"]
[Site "Katowice"]
[Date "2019.09.01"]
[Round "5.17"]
[White "Bronowicki, Mateusz"]
[Black "Jakubowski, Krzysztof"]
[Result "1/2-1/2"]
[WhiteElo "2271"]
[BlackElo "2518"]
[Annotator "ChessBase"]
[PlyCount "109"]
[EventDate "2019.08.28"]
[EventType "team-tourn"]
[EventCountry "POL"]
[SourceTitle "playchess.com"]
[Source "ChessBase"]
[SourceQuality "1"]
[TimeControl "40/5400+30:1800+30"]

1. d4 {[%emt 0:00:00]} Nf6 {[%emt 0:00:00]} 2. c4 {[%emt 0:00:00]} e6 {[%emt 0:00:00]} 3. Nf3 {[%emt 0:00:25]} Bb4+ {[%emt 0:00:25]} 4. Bd2 {[%emt 0:01:50]} Qe7 {[%emt 0:00:23]} 5. g3 {[%emt 0:11:42]} Bxd2+ {[%emt 0:00:21]} 6. Nbxd2 {[%emt 0:07:11]} d6 {[%emt 0:01:06]} 7. Bg2 {[%emt 0:03:50]} e5 {[%emt 0:00:21]} 8. Qb3 {[%emt 0:05:46]} O-O {[%emt 0:01:00]} 9. O-O {[%emt 0:01:54]} h6 {[%emt 0:02:27]} 10. e4 {[%emt 0:07:53]} c5 {[%emt 0:09:43]} 11. d5 {[%emt 0:05:05]} Nh5 {[%emt 0:03:00]} 12. Ne1 {[%emt 0:10:40]} f5 {[%emt 0:03:47]} 13. Qd1 {[%emt 0:01:38]} Nf6 {[%emt 0:02:32]} 14. Nd3 {[%emt 0:01:40]} g5 {[%emt 0:03:53]} 15. Qe2 {[%emt 0:09:42]} f4 {[%emt 0:13:53]} 16. a3 {[%emt 0:01:33]} Nbd7 {[%emt 0:01:50]} 17. Bh3 {[%emt 0:04:14]} Nb6 {[%emt 0:06:09]} 18. Bxc8 {[%emt 0:00:19]} Raxc8 {[%emt 0:00:46]} 19. f3 {[%emt 0:06:49]} Rf7 {[%emt 0:02:49]} 20. Qg2 {[%emt 0:06:27]} Rg7 {[%emt 0:02:36]} 21. g4 {[%emt 0:01:26]} Kf7 {[%emt 0:03:18]} 22. Kf2 {[%emt 0:00:25]} h5 {[%emt 0:00:18]} 23. h3 {[%emt 0:01:08]} Rh7 {[%emt 0:06:45]} 24. Ke2 {[%emt 0:00:16]} Qd7 {[%emt 0:01:24]} 25. b3 {[%emt 0:01:18]} Rch8 {[%emt 0:00:37]} 26. Rh1 {[%emt 0:00:31]} Nc8 {[%emt 0:01:49]} 27. Nf2 {[%emt 0:02:31]} Ne7 {[%emt 0:00:13]} 28. Rag1 {[%emt 0:03:56]} Ng6 {[%emt 0:03:10]} 29. Qf1 {[%emt 0:01:18]} Qc7 {[%emt 0:04:38]} 30. Qa1 {[%emt 0:01:38]} a5 {[%emt 0:01:16]} 31. a4 {[%emt 0:00:49]} Qd8 {[%emt 0:05:50]} 32. Qf1 {[%emt 0:00:21]} Rh6 {[%emt 0:00:37]} 33. Qa1 {[%emt 0:00:24]} R8h7 {[%emt 0:00:18]} 34. Qf1 {[%emt 0:00:38]} Nh4 {[%emt 0:03:46]} 35. Qa1 {[%emt 0:00:14]} Qh8 {[%emt 0:00:32]} 36. Qf1 {[%emt 0:00:16]} hxg4 {[%emt 0:02:07]} 37. hxg4 {[%emt 0:00:23]} Nd7 {[%emt 0:00:29]} 38. Rh3 {[%emt 0:02:08]} Nb8 {[%emt 0:00:23]} 39. Rgh1 {[%emt 0:00:36]} Na6 {[%emt 0:00:08]} 40. Nd3 {[%emt 0:00:00]} Ke7 {[%emt 0:00:00]} 41. Nf2 {[%emt 0:06:29]} Qd8 {[%emt 0:08:24]} 42. Nd3 {[%emt 0:04:20]} Kf6 {[%emt 0:04:38]} 43. Qa1 {[%emt 0:04:10]} Kg6 {[%emt 0:00:48]} 44. Qg1 {[%emt 0:05:24]} Qh8 {[%emt 0:00:44]} 45. Qf1 {[%emt 0:02:13]} Kg7 {[%emt 0:00:30]} 46. Nf2 {[%emt 0:01:22]} Nb4 {[%emt 0:00:26]} 47. Kd1 {[%emt 0:00:16]} Qd8 {[%emt 0:00:27]} 48. Nb1 {[%emt 0:02:41]} Kf7 {[%emt 0:04:18]} 49. Kc1 {[%emt 0:01:44]} Qh8 {[%emt 0:01:35]} 50. Nd2 {[%emt 0:00:12]} Ke7 {[%emt 0:01:42]} 51. Kd1 {[%emt 0:01:01]} Kd7 {[%emt 0:00:30]} 52. Kc1 {[%emt 0:00:10]} Kc7 {[%emt 0:00:41]} 53. Kd1 {[%emt 0:00:15]} Kd7 {[%emt 0:02:09]} 54. Kc1 {[%emt 0:00:05]} Kc7 {[%emt 0:00:14]} 55. Kd1 1/2-1/2